| 000 | 01031nam a2200373Ia 4500 | ||
|---|---|---|---|
| 001 | 51140 | ||
| 005 | 20230411090005.0 | ||
| 008 | 930528s1993 enka b 001 0 eng d | ||
| 035 | _a(OCoLC)ocm28178269 | ||
| 040 |
_aCUI _cCUI _dUKM _dNLGGC |
||
| 015 | _aGB95-14443 | ||
| 020 | _a0140156038 | ||
| 020 | _a9780140156034 | ||
| 029 | 1 |
_aUKM _bb9514443 |
|
| 029 | 1 |
_aNLGGC _b108446077 |
|
| 029 | 1 |
_aNZ1 _b4915686 |
|
| 035 | _a(OCoLC)28178269 | ||
| 082 | 0 | 4 |
_a302.35 _220 |
| 084 |
_a85.05 _2bcl |
||
| 090 |
_aHD31 _bH3127 1993 |
||
| 049 | _aGRAL | ||
| 100 | 1 | _aHandy, Charles | |
| 245 | 1 | 0 |
_aUnderstanding organizations / _cCharles Handy. |
| 250 | _a4th ed. | ||
| 260 |
_aLondon, England ; _aNew York, N.Y., USA : _bPenguin Books, _cc1993. |
||
| 300 |
_a445 p. : _bill. ; _c24 cm. |
||
| 504 | _aIncludes bibliographical references and index. | ||
| 650 | 0 | _aOrganization. | |
| 650 | 0 | _aIndustrial management. | |
| 653 | 0 | _aOrganisations | |
| 650 | 1 | 7 |
_aOrganisaties. _2gtt |
| 942 |
_2lcc _cbk |
||
| 994 |
_aC0 _bDRFGD |
||
| 999 |
_c110529 _d110529 |
||